| 000 | 00932nam a2200205 a 4500 | ||
|---|---|---|---|
| 001 | 000034226 | ||
| 005 | 20200930070901.0 | ||
| 008 | 110928s1997 dr ac 000 0 spa d | ||
| 040 |
_aDO-SdBNP _bspa _cBNPHU |
||
| 100 | 1 |
_aGoya, Francisco, _d1746-1828. _917605 |
|
| 245 | 1 | 0 |
_aDesastre de la guerra : _bGoya ¡qué valor! / _cFrancisco Goya ; textos,comentarios y apéndices: Ricardo Centellas Salamero, Guillermo Fatás Cabeza ; textos añadido, José Ignacio Calvo Ruata ; colaborador Ana Tomé. |
| 260 |
_aSanto Domingo : _bCentro Cultural Español de Santo Domingo, _c1997. |
||
| 300 |
_a101 p. : _bil. ; _c30 cm. |
||
| 500 | _acatálogo de la exposición Centro Cultural Español, Santo Domingo, 6 al 29 de noviembre de 1997 | ||
| 700 | 1 |
_aTomé, Ana _ecoor. _959644 |
|
| 700 | 1 |
_aFatás Cabeza, Guillermo _959577 |
|
| 700 | 1 |
_aCentellas Salamero , Ricardo _959645 |
|
| 700 | 1 |
_aCalvo Ruata, José Ignacio _921260 |
|
| 049 | _aBNPD | ||
| 999 |
_c33717 _d33717 |
||